[Event "Titled Tuesday intern op 9th June"]
[Site "Chess.com INT"]
[Date "2020.06.09"]
[Round "1"]
[White "Malakhova, Elizaveta"]
[Black "Efremov, Vladislav"]
[Result "1/2-1/2"]
[WhiteElo "2281"]
[BlackElo "2188"]
[PlyCount "99"]
[EventDate "2020.06.09"]
[EventType "swiss (blitz)"]
[EventRounds "10"]
[EventCountry "USA"]
[SourceTitle "CBM 196 Extra"]
[Source "ChessBase"]
[SourceDate "2020.07.31"]
[SourceVersion "1"]
[SourceVersionDate "2020.07.31"]
[SourceQuality "1"]

1. d4 d5 2. Nc3 Nf6 3. e4 Nxe4 4. f3 Nxc3 5. bxc3 c5 6. Bd3 Nc6 7. Be3 e6 8. dxc5 Qa5 9. Ne2 Bxc5 10. Qd2 Qb6 11. Kf2 Bxe3+ 12. Qxe3 Qxe3+ 13. Kxe3 e5 14. c4 Be6 15. cxd5 Bxd5 16. Nc3 Be6 17. Ne4 0-0 18. Ng5 h6 19. Nxe6 fxe6 20. Bc4 Rf6 21. Rab1 b6 22. Rhd1 Rd8 23. Rxd8+ Nxd8 24. Rd1 Nc6 25. Rd6 Nd4 26. Rd8+ Rf8 27. Rxf8+ Kxf8 28. Kd3 Ke7 29. c3 Nf5 30. g4 Nd6 31. Bb3 g5 32. Ke3 Kf6 33. Kd3 Nb7 34. Kc4 Nc5 35. Bc2 e4 36. fxe4 Ke5 37. Kb5 Nxe4 38. Ka6 Nxc3 39. Kxa7 Nxa2 40. Kxb6 Kf4 41. Bb3 e5 42. Bxa2 Kxg4 43. Kc5 Kh3 44. Kd5 Kxh2 45. Kxe5 h5 46. Kf5 g4 47. Kg5 g3 48. Bd5 g2 49. Bxg2 Kxg2 50. Kxh5 1/2-1/2

[Event "Titled Tuesday intern op 6th June"]
[Site "Chess.com INT"]
[Date "2020.06.02"]
[Round "3"]
[White "Balabayeva, Kseniya"]
[Black "Malakhova, Elizaveta"]
[Result "1-0"]
[WhiteElo "2146"]
[BlackElo "2281"]
[PlyCount "129"]
[EventDate "2020.06.02"]
[EventType "swiss (blitz)"]
[EventRounds "10"]
[EventCountry "USA"]
[SourceTitle "CBM 196 Extra"]
[Source "ChessBase"]
[SourceDate "2020.07.31"]
[SourceVersion "1"]
[SourceVersionDate "2020.07.31"]
[SourceQuality "1"]

1. e4 e5 2. Nf3 d6 3. Nc3 c6 4. d4 Qe7 5. Be3 h6 6. Bd3 Nf6 7. h3 Qc7 8. Qd2 Be7 9. 0-0 g5 10. Nh2 Nbd7 11. Rae1 Nf8 12. dxe5 dxe5 13. f3 Be6 14. Qf2 b6 15. Rd1 Ng6 16. Ng4 Nxg4 17. fxg4 Nf4 18. Ba6 h5 19. gxh5 Rxh5 20. Qf3 Rh4 21. Kh2 Bxh3 22. gxh3 Rxh3+ 23. Qxh3 Nxh3 24. Kxh3 Rd8 25. Kg3 Rxd1 26. Rxd1 f6 27. a4 Bc5 28. Bxc5 bxc5 29. Bc4 Qh7 30. Ne2 Qh4+ 31. Kf3 g4+ 32. Ke3 Qh3+ 33. Kf2 Qh2+ 34. Ke3 g3 35. Be6 g2 36. Bf5 c4 37. Rg1 Ke7 38. Kf2 Qh4+ 39. Kxg2 Qg5+ 40. Kf2 Qd2 41. c3 Qxb2 42. Rg7+ Kf8 43. Rd7 Qb3 44. a5 a6 45. Kf3 Qb5 46. Rd6 Qxa5 47. Rxf6+ Kg7 48. Rxc6 Qa4 49. Rc7+ Kf6 50. Ng3 Qd1+ 51. Kg2 Qd2+ 52. Kh3 Qxc3 53. Kh4 Qe1 54. Kg4 Qd1+ 55. Kh4 Qe1 56. Rxc4 Ke7 57. Rc7+ Kd6 58. Ra7 a5 59. Kg4 Kc5 60. Rc7+ Kb4 61. Rb7+ Ka3 62. Kf3 a4 63. Ne2 Qf1+ 64. Ke3 Qe1 65. Be6 1-0

[Event "Titled Tuesday intern op 6th June"]
[Site "Chess.com INT"]
[Date "2020.06.02"]
[Round "8"]
[White "Gretarsson, Helgi Ass"]
[Black "Malakhova, Elizaveta"]
[Result "0-1"]
[WhiteElo "2401"]
[BlackElo "2281"]
[PlyCount "82"]
[EventDate "2020.06.02"]
[EventType "swiss (blitz)"]
[EventRounds "10"]
[EventCountry "USA"]
[SourceTitle "CBM 196 Extra"]
[Source "ChessBase"]
[SourceDate "2020.07.31"]
[SourceVersion "1"]
[SourceVersionDate "2020.07.31"]
[SourceQuality "1"]

1. d4 f5 2. Bg5 d5 3. e3 Qd6 4. Nc3 e6 5. a3 c6 6. h4 Be7 7. Bf4 Qd8 8. h5 h6 9. Nf3 Nf6 10. Ne5 0-0 11. Ng6 Re8 12. Qf3 Ne4 13. Nxe4 fxe4 14. Qg3 e5 15. Bxe5 Nd7 16. Bxg7 Kxg7 17. Nxe7+ Kh8 18. Nf5 Qf6 19. Nh4 Nf8 20. 0-0-0 a5 21. Be2 Ne6 22. Ng6+ Kh7 23. f3 Ng5 24. f4 Nf7 25. Qh2 b5 26. g4 b4 27. a4 c5 28. dxc5 Bd7 29. Rxd5 Bxa4 30. g5 Qe6 31. Bc4 Bb5 32. Ba2 b3 33. Bxb3 a4 34. Ba2 a3 35. b4 Rad8 36. f5 Qc6 37. Rxd8 Nxd8 38. Ne5 Qa6 39. g6+ Kg7 40. Rd1 Qf6 41. Rd5 Bc6 0-1

[Event "Titled Tuesday intern op 6th June"]
[Site "Chess.com INT"]
[Date "2020.06.02"]
[Round "5"]
[White "Khalafova, Narmin Ilgar Qizi"]
[Black "Malakhova, Elizaveta"]
[Result "0-1"]
[WhiteElo "2279"]
[BlackElo "2281"]
[PlyCount "104"]
[EventDate "2020.06.02"]
[EventType "swiss (blitz)"]
[EventRounds "10"]
[EventCountry "USA"]
[SourceTitle "CBM 196 Extra"]
[Source "ChessBase"]
[SourceDate "2020.07.31"]
[SourceVersion "1"]
[SourceVersionDate "2020.07.31"]
[SourceQuality "1"]

1. e4 e5 2. Nf3 d6 3. d4 Qe7 4. Nc3 c6 5. Be2 h6 6. 0-0 Nf6 7. Re1 Qc7 8. h3 g5 9. Nh2 Be7 10. Ng4 Nbd7 11. Ne3 Nf8 12. Nf5 Bxf5 13. exf5 0-0-0 14. a4 a5 15. Be3 N8d7 16. d5 Nc5 17. Rb1 Nfd7 18. b4 axb4 19. Rxb4 Qa5 20. Qb1 Bf6 21. Bf3 e4 22. Nxe4 Nxe4 23. Bxe4 Bc3 24. Rxb7 c5 25. Rd1 Bb4 26. Rb5 Qxa4 27. c4 Ne5 28. Bc2 Qa6 29. Bb3 Kd7 30. Qb2 Ra8 31. f4 gxf4 32. Bxf4 f6 33. Qf2 Rhg8 34. Kh1 Ra7 35. Bxe5 dxe5 36. d6 Qc6 37. Rg1 Ra3 38. Rb1 Qe4 39. Rb2 Ra1+ 40. Kh2 Rxg2+ 41. Qxg2 Qf4+ 42. Qg3 Rh1+ 43. Kxh1 Qxg3 44. Ba4 Qxh3+ 45. Kg1 Qe3+ 46. Kh1 Kxd6 47. Rb6+ Kc7 48. Rc6+ Kb7 49. Rg2 Qh3+ 50. Kg1 Qe3+ 51. Kh1 Qe4 52. Kh2 Qxc6 0-1

[Event "Titled Tuesday intern op 26th May"]
[Site "Chess.com INT"]
[Date "2020.05.26"]
[Round "2"]
[White "Malakhova, Elizaveta"]
[Black "Sonis, Francesco"]
[Result "0-1"]
[WhiteElo "2281"]
[BlackElo "2490"]
[PlyCount "80"]
[EventDate "2020.05.26"]
[EventType "swiss (blitz)"]
[EventRounds "10"]
[EventCountry "USA"]
[SourceTitle "CBM 196 Extra"]
[Source "ChessBase"]
[SourceDate "2020.07.31"]
[SourceVersion "1"]
[SourceVersionDate "2020.07.31"]
[SourceQuality "1"]

1. d4 Nf6 2. Nc3 e6 3. e4 d5 4. Bg5 Bb4 5. e5 h6 6. Be3 Ne4 7. Qg4 Kf8 8. Nge2 c5 9. a3 cxd4 10. Bxd4 Qa5 11. 0-0-0 Nxc3 12. Nxc3 Be7 13. Nb5 Nc6 14. Bc3 Qd8 15. f4 h5 16. Qg3 g6 17. h4 Bd7 18. Nd6 Qb6 19. Bd3 Rg8 20. Qf3 d4 21. Bd2 Bxd6 22. exd6 Qc5 23. g4 hxg4 24. Qxg4 Qxd6 25. h5 gxh5 26. Qxh5 a5 27. f5 exf5 28. Bh6+ Ke8 29. Rhe1+ Kd8 30. Kb1 Kc7 31. Bxf5 Bxf5 32. Qxf5 Qxh6 33. Qxf7+ Kb6 34. a4 Qd6 35. Re6 Qc5 36. Rd3 Ka7 37. Rb3 Nb4 38. Re1 Qxc2+ 39. Ka1 Qc6 40. Qf5 Qxa4+ 0-1

[Event "Titled Tuesday intern op 26th May"]
[Site "Chess.com INT"]
[Date "2020.05.26"]
[Round "1"]
[White "Sasitharan, Abhiram"]
[Black "Malakhova, Elizaveta"]
[Result "0-1"]
[WhiteElo "1913"]
[BlackElo "2281"]
[PlyCount "88"]
[EventDate "2020.05.26"]
[EventType "swiss (blitz)"]
[EventRounds "10"]
[EventCountry "USA"]
[SourceTitle "CBM 196 Extra"]
[Source "ChessBase"]
[SourceDate "2020.07.31"]
[SourceVersion "1"]
[SourceVersionDate "2020.07.31"]
[SourceQuality "1"]

1. d4 f5 2. c4 Nf6 3. Nc3 e6 4. Nf3 Be7 5. g3 0-0 6. Bg2 d6 7. 0-0 Qe8 8. Qc2 Qg6 9. b4 Ne4 10. Nxe4 fxe4 11. Nd2 d5 12. cxd5 exd5 13. Qxc7 Bxb4 14. Nb3 Nc6 15. Nc5 Rf7 16. Nd7 Rxd7 17. Qf4 Nxd4 18. Kh1 Rf7 19. Qe5 Bc3 20. Ba3 Qe6 21. Qxe6 Bxe6 22. Rac1 Rc8 23. e3 Nf3 24. Bxf3 exf3 25. Rfd1 b5 26. e4 d4 27. Rd3 b4 28. Bxb4 Bxb4 29. Rxc8+ Bxc8 30. Rxd4 Bf8 31. h4 h5 32. Rd8 Bg4 33. e5 Re7 34. Ra8 Kf7 35. Kg1 g6 36. Kf1 Bg7 37. Ke1 Bxe5 38. Kf1 Bc3 39. Kg1 Re1+ 40. Kh2 Bd4 41. Rd8 Bxf2 42. Rd2 Bg1+ 43. Kh1 Be3+ 44. Kh2 Bxd2 0-1

[Event "Titled Tuesday intern op 12th May"]
[Site "Chess.com INT"]
[Date "2020.05.12"]
[Round "5"]
[White "Malakhova, Elizaveta"]
[Black "Kezin, Roman"]
[Result "0-1"]
[WhiteElo "2281"]
[BlackElo "2470"]
[PlyCount "84"]
[EventDate "2020.05.12"]
[EventType "swiss (blitz)"]
[EventRounds "10"]
[EventCountry "USA"]
[SourceTitle "CBM 196 Extra"]
[Source "ChessBase"]
[SourceDate "2020.07.31"]
[SourceVersion "1"]
[SourceVersionDate "2020.07.31"]
[SourceQuality "1"]

1. d4 d5 2. Nc3 Nf6 3. Bg5 Nbd7 4. e4 dxe4 5. f3 h6 6. Bh4 exf3 7. Nxf3 g6 8. Bc4 Bg7 9. Qe2 0-0 10. 0-0-0 Nb6 11. Bb3 Nbd5 12. Ne4 Bf5 13. Nxf6+ Nxf6 14. Rhe1 e6 15. h3 g5 16. Bg3 a5 17. a3 a4 18. Ba2 Ra6 19. Ne5 Rd6 20. Bf2 Nd5 21. g4 Bh7 22. Bg3 Qe7 23. Nd3 Rdd8 24. Nc5 b6 25. Ne4 Nf4 26. Bxf4 gxf4 27. c3 c5 28. dxc5 bxc5 29. Qc4 Rxd1+ 30. Rxd1 Rd8 31. Qxc5 Rxd1+ 32. Kxd1 Qb7 33. Nf2 Qxb2 34. Qc8+ Bf8 35. Bxe6 Qxf2 36. Bc4 Qf3+ 37. Kd2 Qe3+ 38. Kd1 Qe4 39. Qc7 Qc2+ 40. Ke1 Qxc3+ 41. Kf1 Bd3+ 42. Kf2 Qxc4 0-1

[Event "Titled Tuesday intern op 12th May"]
[Site "Chess.com INT"]
[Date "2020.05.12"]
[Round "2"]
[White "Malakhova, Elizaveta"]
[Black "Zhao, Erick"]
[Result "1-0"]
[WhiteElo "2281"]
[BlackElo "2039"]
[PlyCount "51"]
[EventDate "2020.05.12"]
[EventType "swiss (blitz)"]
[EventRounds "10"]
[EventCountry "USA"]
[SourceTitle "CBM 196 Extra"]
[Source "ChessBase"]
[SourceDate "2020.07.31"]
[SourceVersion "1"]
[SourceVersionDate "2020.07.31"]
[SourceQuality "1"]

1. d4 Nf6 2. c4 g6 3. Nc3 d5 4. e4 dxe4 5. f3 exf3 6. Nxf3 Bg7 7. Bg5 0-0 8. Be2 b6 9. Qd2 Bb7 10. 0-0-0 Nbd7 11. Bh6 Bxh6 12. Qxh6 Ng4 13. Qh4 Ne3 14. Rd3 Nxc4 15. Ng5 Nf6 16. Rf1 h5 17. g4 Kg7 18. gxh5 Rh8 19. Qg3 Rh6 20. hxg6 Rxg6 21. Rg1 Nd6 22. Ne6+ fxe6 23. Qxg6+ Kf8 24. Rh3 Nf7 25. Bh5 Nxh5 26. Qg8# 1-0

[Event "Titled Tuesday intern op 12th May"]
[Site "Chess.com INT"]
[Date "2020.05.12"]
[Round "9"]
[White "Nguyen, Ngoc Truong Son"]
[Black "Malakhova, Elizaveta"]
[Result "0-1"]
[WhiteElo "2641"]
[BlackElo "2281"]
[PlyCount "106"]
[EventDate "2020.05.12"]
[EventType "swiss (blitz)"]
[EventRounds "10"]
[EventCountry "USA"]
[SourceTitle "CBM 196 Extra"]
[Source "ChessBase"]
[SourceDate "2020.07.31"]
[SourceVersion "1"]
[SourceVersionDate "2020.07.31"]
[SourceQuality "1"]

1. e4 e5 2. Nf3 d6 3. d4 Qe7 4. Nc3 c6 5. Be2 h6 6. 0-0 Nf6 7. Re1 Qc7 8. a4 a5 9. Bf1 Be7 10. h3 g5 11. dxe5 dxe5 12. Nd2 g4 13. h4 g3 14. fxg3 Bc5+ 15. Kh1 Ng4 16. Qf3 Qe7 17. Nd1 Rg8 18. Nb3 Bb6 19. Be3 Nd7 20. Bxb6 Nxb6 21. Ne3 Be6 22. Nxg4 Rxg4 23. Qe3 Nd7 24. Nd2 0-0-0 25. Be2 Rg6 26. Nf1 Qc5 27. Bd3 h5 28. Kh2 Rdg8 29. Qxc5 Nxc5 30. Re3 Rd8 31. Be2 Bg4 32. b3 Rd4 33. Re1 Rxe4 34. Rxe4 Nxe4 35. Bd3 f5 36. Bxe4 fxe4 37. Rxe4 Bf5 38. Re2 Kc7 39. Ne3 Be6 40. Rf2 Kd6 41. Rf8 Kc5 42. Rd8 Rf6 43. Kg1 b6 44. Rd2 Kb4 45. Rd6 Kc5 46. Nc4 b5 47. axb5 cxb5 48. Ra6 bxc4 49. Rxa5+ Kd4 50. bxc4 Bxc4 51. c3+ Ke4 52. Ra4 Kd3 53. Ra5 e4 0-1

[Event "Titled Tuesday intern op 12th May"]
[Site "Chess.com INT"]
[Date "2020.05.12"]
[Round "4"]
[White "Yeletsky, Ivan"]
[Black "Malakhova, Elizaveta"]
[Result "0-1"]
[WhiteElo "2436"]
[BlackElo "2281"]
[PlyCount "120"]
[EventDate "2020.05.12"]
[EventType "swiss (blitz)"]
[EventRounds "10"]
[EventCountry "USA"]
[SourceTitle "CBM 196 Extra"]
[Source "ChessBase"]
[SourceDate "2020.07.31"]
[SourceVersion "1"]
[SourceVersionDate "2020.07.31"]
[SourceQuality "1"]

1. e4 e5 2. Nf3 d6 3. d4 Qe7 4. Nc3 c6 5. dxe5 dxe5 6. a4 a5 7. Bc4 h6 8. 0-0 Nf6 9. b3 Qc7 10. Nh4 Bg4 11. f3 Bc5+ 12. Kh1 Bd7 13. Bb2 Bd4 14. f4 Bg4 15. Qd2 Nbd7 16. h3 h5 17. Nf5 Bxf5 18. exf5 0-0-0 19. Qe1 exf4 20. Bxf7 Ne5 21. Be6+ Kb8 22. Nd1 f3 23. gxf3 Bxb2 24. Nxb2 Rd4 25. f4 Ned7 26. Nd3 c5 27. Ne5 Re4 28. Nxd7+ Ka7 29. Qd2 Rd8 30. Qc3 Nxd7 31. Rad1 Qc6 32. Bd5 Qf6 33. Bxe4 Qxc3 34. Rd3 Qf6 35. Rfd1 Qh4 36. Bg2 Qxf4 37. Rxd7 Rxd7 38. Rxd7 Qc1+ 39. Kh2 Qf4+ 40. Kg1 Qe3+ 41. Kh1 Qc1+ 42. Kh2 Qf4+ 43. Kg1 Qe3+ 44. Kf1 Qf4+ 45. Ke2 Qxf5 46. Rxb7+ Ka6 47. Rb5 Qxc2+ 48. Kf1 Qd3+ 49. Kf2 Qd4+ 50. Kf1 g5 51. Bb7+ Ka7 52. Bg2 Ka6 53. Bb7+ Ka7 54. Bg2 g4 55. hxg4 hxg4 56. Rxa5+ Kb6 57. Rb5+ Kc7 58. Rb7+ Kc8 59. a5 g3 60. Rf7 Qd1# 0-1

[Event "Titled Tuesday intern op 5th May"]
[Site "Chess.com INT"]
[Date "2020.05.05"]
[Round "2"]
[White "Chigaev, Maksim"]
[Black "Malakhova, Elizaveta"]
[Result "0-1"]
[WhiteElo "2588"]
[BlackElo "2281"]
[PlyCount "111"]
[EventDate "2020.05.05"]
[EventType "swiss (blitz)"]
[EventRounds "10"]
[EventCountry "USA"]
[SourceTitle "CBM 196 Extra"]
[Source "ChessBase"]
[SourceDate "2020.07.31"]
[SourceVersion "1"]
[SourceVersionDate "2020.07.31"]
[SourceQuality "1"]

1. e4 e5 2. Nf3 d6 3. g3 c6 4. Bg2 f5 5. d3 Nf6 6. Nc3 Be7 7. 0-0 0-0 8. Re1 Qc7 9. exf5 Bxf5 10. d4 Nbd7 11. h3 Rad8 12. dxe5 Nxe5 13. Nxe5 dxe5 14. Qe2 Bd6 15. Bg5 h6 16. Be3 b5 17. a3 a5 18. Rad1 b4 19. axb4 Bxb4 20. Qc4+ Kh8 21. Rxd8 Rxd8 22. Rc1 Rc8 23. g4 Bh7 24. Ne4 Nd5 25. c3 Nxe3 26. fxe3 Be7 27. Rf1 Qb6 28. Qe2 Rf8 29. Rxf8+ Bxf8 30. Ng3 Bc5 31. Kf2 a4 32. Be4 Bg8 33. Qd2 Bxe3+ 34. Qxe3 Qxb2+ 35. Qe2 Qxe2+ 36. Nxe2 a3 37. Nc1 a2 38. Nxa2 Bxa2 39. Bxc6 Kg8 40. Ke3 Kf7 41. Be4 Ke6 42. Bd3 g5 43. c4 Bb3 44. Ke4 Ba4 45. Ke3 Bc6 46. Be4 Ba4 47. c5 Bb5 48. Bg2 Bc4 49. c6 Kd6 50. Bf3 Bb5 51. Be4 Bxc6 52. Bxc6 Kxc6 53. Ke4 Kd6 54. Kf5 Kd5 55. Kg6 e4 56. Kxh6 0-1

[Event "Titled Tuesday intern op 28th Apr"]
[Site "Chess.com INT"]
[Date "2020.04.28"]
[Round "2"]
[White "Daianu, Cristian Clement"]
[Black "Malakhova, Elizaveta"]
[Result "0-1"]
[WhiteElo "2224"]
[BlackElo "2281"]
[PlyCount "80"]
[EventDate "2020.04.28"]
[EventType "swiss (blitz)"]
[EventRounds "10"]
[EventCountry "USA"]
[SourceTitle "EXT 2021"]
[Source "ChessBase"]
[SourceDate "2020.10.23"]
[SourceVersion "1"]
[SourceVersionDate "2020.10.23"]
[SourceQuality "1"]

1. e4 e5 2. Nf3 d6 3. Bc4 h6 4. c3 Nf6 5. d3 c6 6. a4 a5 7. Bb3 Qc7 8. Nbd2 Bg4 9. h3 Bh5 10. Nf1 g5 11. Ng3 Bg6 12. h4 g4 13. h5 Bh7 14. Nh4 Nbd7 15. Nhf5 d5 16. f3 0-0-0 17. Qe2 Nc5 18. Bc2 Ne6 19. fxg4 Rg8 20. Bxh6 Rxg4 21. Bxf8 Rxf8 22. 0-0-0 Nf4 23. Qf3 Rfg8 24. Rhe1 Bxf5 25. Nxf5 Rxg2 26. Bb3 Rd8 27. exd5 cxd5 28. Kb1 Qb6 29. Bc2 Rf2 30. Qe3 Qxe3 31. Rxe3 Ng4 32. Rg3 Rg2 33. Rxg2 Nxg2 34. Rg1 N2e3 35. Nxe3 Nxe3 36. Rg7 Rh8 37. Rxf7 Rxh5 38. Bb3 Rh1+ 39. Ka2 Rh2 40. Re7 Rh5 0-1

[Event "Titled Tuesday intern op 28th Apr"]
[Site "Chess.com INT"]
[Date "2020.04.28"]
[Round "3"]
[White "Malakhova, Elizaveta"]
[Black "Garic, Radomir"]
[Result "1-0"]
[WhiteElo "2281"]
[BlackElo "2244"]
[PlyCount "57"]
[EventDate "2020.04.28"]
[EventType "swiss (blitz)"]
[EventRounds "10"]
[EventCountry "USA"]
[SourceTitle "CBM 195 Extra"]
[Source "ChessBase"]
[SourceDate "2020.05.31"]
[SourceVersion "1"]
[SourceVersionDate "2020.05.31"]
[SourceQuality "1"]

1. d4 c5 2. d5 Nf6 3. Nc3 Qa5 4. Nf3 b5 5. e3 b4 6. Ne2 g6 7. Nf4 d6 8. h4 h5 9. Ng5 Bg7 10. Bd3 Bf5 11. Bxf5 gxf5 12. Qd3 Ne4 13. Nxe4 fxe4 14. Qxe4 Nd7 15. 0-0 Bf6 16. a3 Rb8 17. Bd2 Qb6 18. axb4 cxb4 19. Ra2 Bxh4 20. Rfa1 Nc5 21. Qf5 b3 22. cxb3 Nxb3 23. Bc3 Rg8 24. Ra6 Qb5 25. R1a3 Nc5 26. Rxa7 Qc4 27. Ra8 Qb5 28. R3a7 Bg5 29. Qc8+ 1-0

[Event "Titled Tuesday intern op 21st April"]
[Site "Chess.com INT"]
[Date "2020.04.21"]
[Round "9"]
[White "Malakhova, Elizaveta"]
[Black "Skliarov, Viktor"]
[Result "1-0"]
[WhiteElo "2281"]
[BlackElo "2376"]
[PlyCount "93"]
[EventDate "2020.04.21"]
[EventType "swiss (blitz)"]
[EventRounds "10"]
[EventCountry "USA"]
[SourceTitle "EXT 2021"]
[Source "ChessBase"]
[SourceDate "2020.10.23"]
[SourceVersion "1"]
[SourceVersionDate "2020.10.23"]
[SourceQuality "1"]

1. e4 c5 2. Qe2 Nc6 3. c3 g6 4. d3 Bg7 5. h4 h5 6. Nf3 d6 7. Be3 Nf6 8. Qc2 Ng4 9. Bg5 0-0 10. Nbd2 d5 11. Be2 b6 12. Nf1 dxe4 13. dxe4 Qc7 14. Ne3 Nxe3 15. Bxe3 Bb7 16. Rd1 Ne5 17. 0-0 Ng4 18. Bg5 f6 19. Bc1 f5 20. g3 fxe4 21. Ng5 c4 22. Bxg4 hxg4 23. Rfe1 Qc6 24. Qxe4 Qxe4 25. Nxe4 Rad8 26. Rxd8 Rxd8 27. Bg5 Rd7 28. Nd2 Bf6 29. Nxc4 Bxg5 30. hxg5 Rd5 31. Ne5 Rd2 32. Nxg4 Rxb2 33. Ne5 Kg7 34. Nc4 Rxa2 35. Rxe7+ Kf8 36. Rxb7 Rc2 37. Rxa7 Rxc3 38. Nxb6 Rb3 39. Rb7 Kg8 40. Kg2 Rb5 41. f4 Rb3 42. Kh3 Rb1 43. Kg4 Rb5 44. Rb8+ Kg7 45. Nd7 Ra5 46. Ne5 Ra7 47. Rb6 1-0

[Event "Titled Tuesday intern op 21st April"]
[Site "Chess.com INT"]
[Date "2020.04.21"]
[Round "8"]
[White "Nevednichy, Vladislav"]
[Black "Malakhova, Elizaveta"]
[Result "0-1"]
[WhiteElo "2531"]
[BlackElo "2281"]
[PlyCount "108"]
[EventDate "2020.04.21"]
[EventType "swiss (blitz)"]
[EventRounds "10"]
[EventCountry "USA"]
[SourceTitle "EXT 2021"]
[Source "ChessBase"]
[SourceDate "2020.10.23"]
[SourceVersion "1"]
[SourceVersionDate "2020.10.23"]
[SourceQuality "1"]

1. d4 f5 2. Nf3 Nf6 3. g3 e6 4. Bg2 Be7 5. 0-0 0-0 6. a4 a5 7. c3 d6 8. Bg5 Ne4 9. Bc1 Nd7 10. Nbd2 Ndf6 11. Nc4 Qe8 12. Ne1 Qh5 13. f3 d5 14. Ne5 Nd6 15. h4 Qe8 16. N1d3 b6 17. Kf2 Ba6 18. Bf4 Rc8 19. b4 Bc4 20. bxa5 bxa5 21. Nc5 Nh5 22. Nxe6 Rf6 23. Ng5 Nxf4 24. gxf4 h6 25. Rh1 c5 26. Rb1 cxd4 27. cxd4 Rb8 28. Qd2 Rb4 29. Rxb4 axb4 30. a5 Qa4 31. e4 fxe4 32. fxe4 b3 33. exd5 hxg5 34. hxg5 Rf5 35. Bh3 Ne4+ 36. Ke3 Nxd2 37. Bxf5 Bxd5 38. Rd1 Nc4+ 39. Nxc4 Qxc4 40. Bd3 Qc3 41. g6 Bf6 42. Ke2 Bc4 43. Bxc4+ Qxc4+ 44. Ke3 Qc3+ 45. Ke4 Qxa5 46. Rc1 Qa8+ 47. d5 b2 48. Rd1 Qa4+ 49. Kf5 Qxd1 50. Ke6 b1Q 51. Kd6 Qxd5+ 52. Kc7 Qxg6 53. f5 Qgf7+ 54. Kc8 Qd8# 0-1

[Event "Titled Tuesday intern op 14th April"]
[Site "Chess.com INT"]
[Date "2020.04.14"]
[Round "9"]
[White "Malakhova, Elizaveta"]
[Black "Piotrowski, Przemyslaw"]
[Result "0-1"]
[WhiteElo "2281"]
[BlackElo "2274"]
[PlyCount "118"]
[EventDate "2020.04.14"]
[EventType "swiss (blitz)"]
[EventRounds "10"]
[EventCountry "USA"]
[SourceTitle "EXT 2021"]
[Source "ChessBase"]
[SourceDate "2020.10.23"]
[SourceVersion "1"]
[SourceVersionDate "2020.10.23"]
[SourceQuality "1"]

1. d4 c5 2. d5 e5 3. Nc3 d6 4. e4 Be7 5. f4 exf4 6. Bxf4 Bg5 7. Bg3 Bh4 8. Nge2 Nd7 9. Qd3 Ne5 10. Qd1 Bg4 11. Qd2 Nc4 12. Qf4 h5 13. Bxh4 Qxh4+ 14. Ng3 Ne5 15. Bb5+ Kf8 16. 0-0 Ne7 17. Nf5 Qf6 18. h3 Bxf5 19. exf5 a6 20. Bd3 h4 21. Rae1 Rh5 22. Ne4 Qxf5 23. Nxd6 Qxf4 24. Rxf4 Nxd5 25. Rfe4 f6 26. Bc4 Nb4 27. Bb3 b5 28. a3 Nbc6 29. Bd5 Rd8 30. Bxc6 Rxd6 31. Bb7 Rg5 32. Kh1 Rd2 33. Rxh4 Rxc2 34. Rh8+ Ke7 35. b4 cxb4 36. axb4 Rb2 37. Ra8 Rxb4 38. Rxa6 Rb2 39. Ra7 Kd6 40. Be4 Kc5 41. Rc1+ Kb4 42. Rb7 Nc4 43. Bc6 Kc5 44. Bf3 Re5 45. Rxg7 Kd4 46. Rd7+ Ke3 47. Re1+ Kf2 48. Rxe5 Nxe5 49. Rf7 Kg3 50. Rg7+ Kf2 51. Be4 Rb4 52. Bf5 Rf4 53. g4 b4 54. Rb7 Nf3 55. Rc7 Rd4 56. Rc2+ Kg3 57. Rg2+ Kf4 58. Rf2 Rd1+ 59. Kg2 Rg1# 0-1

[Event "UKR-ch (Women) 77th"]
[Site "Zhitomir"]
[Date "2017.12.17"]
[Round "9"]
[White "Malakhova, Elizaveta"]
[Black "Gaponenko, Inna"]
[Result "1/2-1/2"]
[WhiteElo "2337"]
[BlackElo "2435"]
[PlyCount "23"]
[EventDate "2017.12.08"]
[EventType "tourn"]
[EventRounds "9"]
[EventCountry "UKR"]
[EventCategory "3"]
[SourceTitle "CBM 182 Extra"]
[Source "ChessBase"]
[SourceDate "2018.02.23"]
[SourceVersion "1"]
[SourceVersionDate "2018.02.23"]
[SourceQuality "1"]

1. e3 e5 2. c4 d6 3. d4 Nd7 4. Nc3 g6 5. h4 Ngf6 6. Be2 h6 7. h5 g5 8. Qc2 c6 9. Nf3 Qc7 10. Bd2 a6 11. a4 Be7 12. a5 1/2-1/2

[Event "UKR-ch (Women) 77th"]
[Site "Zhitomir"]
[Date "2017.12.16"]
[Round "8"]
[White "Osmak, Iulija"]
[Black "Malakhova, Elizaveta"]
[Result "1-0"]
[WhiteElo "2355"]
[BlackElo "2337"]
[PlyCount "103"]
[EventDate "2017.12.08"]
[EventType "tourn"]
[EventRounds "9"]
[EventCountry "UKR"]
[EventCategory "3"]
[SourceTitle "CBM 182 Extra"]
[Source "ChessBase"]
[SourceDate "2018.02.23"]
[SourceVersion "1"]
[SourceVersionDate "2018.02.23"]
[SourceQuality "1"]

1. d4 Nf6 2. c4 e6 3. Nc3 Bb4 4. a3 Bxc3+ 5. bxc3 d6 6. f3 Nc6 7. e4 e5 8. Be3 0-0 9. Bd3 Nh5 10. g4 Nf4 11. Bxf4 exf4 12. h4 h5 13. gxh5 f5 14. Ne2 fxe4 15. Bxe4 Qf6 16. Qd3 Bf5 17. Kf2 Rae8 18. Rag1 Bxe4 19. fxe4 Qe6 20. Kf3 Na5 21. h6 Qxh6 22. Rg5 Nb3 23. Kf2 Qe6 24. Rb5 Nd2 25. Qxd2 Qxe4 26. Rh3 f3 27. Ng1 a6 28. Rb2 Qe2+ 29. Nxe2 fxe2+ 30. Rf3 e1Q+ 31. Qxe1 Rxf3+ 32. Kxf3 Rxe1 33. Rxb7 c5 34. Rb6 Rc1 35. Ke4 Rxc3 36. Kd5 cxd4 37. Rxd6 d3 38. c5 Kf7 39. Kc6 Rxa3 40. Kd7 Ra4 41. c6 Rxh4 42. c7 Rc4 43. Rxd3 Rxc7+ 44. Kxc7 Kf6 45. Rf3+ Ke6 46. Rg3 Kf6 47. Kd6 g5 48. Rf3+ Kg6 49. Ke5 a5 50. Ra3 Kh5 51. Rxa5 Kh4 52. Ra4+ 1-0

[Event "UKR-ch (Women) 77th"]
[Site "Zhitomir"]
[Date "2017.12.11"]
[Round "4"]
[White "Rakhmangulova, Anastasiya"]
[Black "Malakhova, Elizaveta"]
[Result "1-0"]
[WhiteElo "2248"]
[BlackElo "2337"]
[PlyCount "111"]
[EventDate "2017.12.08"]
[EventType "tourn"]
[EventRounds "9"]
[EventCountry "UKR"]
[EventCategory "3"]
[SourceTitle "CBM 182 Extra"]
[Source "ChessBase"]
[SourceDate "2018.02.23"]
[SourceVersion "1"]
[SourceVersionDate "2018.02.23"]
[SourceQuality "1"]

1. d4 d6 2. c4 c6 3. Nc3 Nd7 4. e4 h6 5. g3 g5 6. Bg2 Bg7 7. Nge2 Nf8 8. f4 Qb6 9. fxg5 hxg5 10. Bxg5 Bg4 11. Qd2 Ne6 12. Be3 Qb4 13. h3 Bxe2 14. Nxe2 Qxc4 15. Bf1 Qa4 16. b3 Qa3 17. Rc1 Nf6 18. Bg2 Qa6 19. 0-0 c5 20. d5 Nf8 21. e5 dxe5 22. Bxc5 Rd8 23. Nc3 N8d7 24. Be3 Nb6 25. a4 Qa5 26. Qf2 Qb4 27. g4 Rf8 28. d6 exd6 29. Bxb7 Nfd7 30. Nb5 Ke7 31. Nxa7 Qxb3 32. Nc6+ Ke8 33. Nxd8 Nc4 34. Rxc4 Qxc4 35. Rc1 Qd3 36. Rc8 Ke7 37. Nc6+ Ke6 38. Qf5+ Qxf5 39. gxf5+ Kxf5 40. Rxf8 Bxf8 41. Nd8 Nc5 42. a5 f6 43. Bxc5 dxc5 44. Bd5 c4 45. Bxc4 Bc5+ 46. Kg2 Ke4 47. Nc6 f5 48. a6 f4 49. a7 Bxa7 50. Nxa7 Ke3 51. h4 Ke4 52. Be6 f3+ 53. Kg3 Kd3 54. Kxf3 e4+ 55. Kf4 e3 56. Bg4 1-0